<?xml version="1.0" encoding="UTF-8"?>
<record
    xmlns:xsi="http://www.w3.org/2001/XMLSchema-instance"
    xsi:schemaLocation="http://www.loc.gov/MARC21/slim http://www.loc.gov/standards/marcxml/schema/MARC21slim.xsd"
    xmlns="http://www.loc.gov/MARC21/slim">

  <leader>01435nam a2200301Ia 4500</leader>
  <datafield tag="999" ind1=" " ind2=" ">
    <subfield code="c">53825</subfield>
    <subfield code="d">53825</subfield>
  </datafield>
  <controlfield tag="001">20876</controlfield>
  <controlfield tag="003">GE_BSU</controlfield>
  <controlfield tag="005">20210601180031.0</controlfield>
  <controlfield tag="008">181216s2016||||ge |||||||||||||| ||geo||</controlfield>
  <datafield tag="020" ind1=" " ind2=" ">
    <subfield code="a">9789941942884</subfield>
  </datafield>
  <datafield tag="040" ind1=" " ind2=" ">
    <subfield code="c">GE_BSU</subfield>
  </datafield>
  <datafield tag="041" ind1=" " ind2=" ">
    <subfield code="a">geo</subfield>
  </datafield>
  <datafield tag="080" ind1=" " ind2=" ">
    <subfield code="a">347 &#x10E1;-44</subfield>
  </datafield>
  <datafield tag="100" ind1=" " ind2=" ">
    <subfield code="a">&#x10E1;&#x10D4;&#x10EE;&#x10DC;&#x10D8;&#x10D0;&#x10D8;&#x10EB;&#x10D4;, &#x10D1;&#x10D4;&#x10E1;&#x10D8;&#x10D9;</subfield>
    <subfield code="9">11928</subfield>
  </datafield>
  <datafield tag="245" ind1=" " ind2=" ">
    <subfield code="a">&#x10DC;&#x10D0;&#x10E0;&#x10D9;&#x10D5;&#x10D4;&#x10D5;&#x10D4;&#x10D1;&#x10D8; &#x10DC;&#x10DD;&#x10E2;&#x10D0;&#x10E0;&#x10D8;&#x10D0;&#x10E2;&#x10D8;&#x10E1; &#x10D8;&#x10E1;&#x10E2;&#x10DD;&#x10E0;&#x10D8;&#x10D8;&#x10D3;&#x10D0;&#x10DC; /</subfield>
    <subfield code="c">&#x10D1;&#x10D4;&#x10E1;&#x10D8;&#x10D9; &#x10E1;&#x10D4;&#x10EE;&#x10DC;&#x10D8;&#x10D0;&#x10D8;&#x10EB;&#x10D4;, &#x10D7;&#x10D8;&#x10DC;&#x10D0;&#x10D7;&#x10D8;&#x10DC; &#x10E1;&#x10D4;&#x10EE;&#x10DC;&#x10D8;&#x10D0;&#x10D8;&#x10EB;&#x10D4; ; &#x10E0;&#x10D4;&#x10D3;. &#x10DA;&#x10D0;&#x10DA;&#x10D8; &#x10D2;&#x10D6;&#x10D8;&#x10E0;&#x10D8;&#x10E8;&#x10D5;&#x10D8;&#x10DA;&#x10D8;.</subfield>
  </datafield>
  <datafield tag="264" ind1=" " ind2=" ">
    <subfield code="a">&#x10D7;&#x10D1;&#x10D8;&#x10DA;&#x10D8;&#x10E1;&#x10D8; :</subfield>
    <subfield code="b">&#x10D8;&#x10E3;&#x10E0;&#x10D8;&#x10E1;&#x10E2;&#x10D4;&#x10D1;&#x10D8;&#x10E1; &#x10E1;&#x10D0;&#x10DB;&#x10E7;&#x10D0;&#x10E0;&#x10DD;,</subfield>
    <subfield code="c">2016.</subfield>
  </datafield>
  <datafield tag="300" ind1=" " ind2=" ">
    <subfield code="a">150 &#x10D2;&#x10D5;. ;</subfield>
    <subfield code="c">29 &#x10E1;&#x10DB;.</subfield>
  </datafield>
  <datafield tag="504" ind1=" " ind2=" ">
    <subfield code="a">&#x10D1;&#x10D8;&#x10D1;&#x10DA;&#x10D8;&#x10DD;&#x10D2;&#x10E0;&#x10D0;&#x10E4;&#x10D8;&#x10D0; &#x10D2;&#x10D5;.  149</subfield>
  </datafield>
  <datafield tag="541" ind1=" " ind2=" ">
    <subfield code="h">16&#x10DA;.90&#x10D7;.</subfield>
  </datafield>
  <datafield tag="653" ind1=" " ind2=" ">
    <subfield code="a">&#x10D8;&#x10E3;&#x10E0;&#x10D8;&#x10D3;&#x10D8;&#x10E3;&#x10DA;&#x10D8; &#x10DB;&#x10D4;&#x10EA;&#x10DC;&#x10D8;&#x10D4;&#x10E0;&#x10D4;&#x10D1;&#x10D0;&#x10DC;&#x10D8;</subfield>
  </datafield>
  <datafield tag="653" ind1=" " ind2=" ">
    <subfield code="a">&#x10E1;&#x10D0;&#x10DB;&#x10DD;&#x10E5;&#x10D0;&#x10DA;&#x10D0;&#x10E5;&#x10DD; &#x10E1;&#x10D0;&#x10DB;&#x10D0;&#x10E0;&#x10D7;&#x10D0;&#x10DA;&#x10D8;</subfield>
  </datafield>
  <datafield tag="653" ind1=" " ind2=" ">
    <subfield code="a">&#x10E1;&#x10D0;&#x10DB;&#x10D0;&#x10E0;&#x10D7;&#x10D0;&#x10DA;&#x10EC;&#x10D0;&#x10E0;&#x10DB;&#x10DD;&#x10D4;&#x10D1;&#x10D0;</subfield>
  </datafield>
  <datafield tag="653" ind1=" " ind2=" ">
    <subfield code="a">&#x10DC;&#x10D0;&#x10E0;&#x10D9;&#x10D5;&#x10D4;&#x10D5;&#x10D4;&#x10D1;&#x10D8; &#x10DC;&#x10DD;&#x10E2;&#x10D0;&#x10E0;&#x10D8;&#x10D0;&#x10E2;&#x10D8;&#x10E1; &#x10D8;&#x10E1;&#x10E2;&#x10DD;&#x10E0;&#x10D8;&#x10D8;&#x10D3;&#x10D0;&#x10DC;</subfield>
  </datafield>
  <datafield tag="653" ind1=" " ind2=" ">
    <subfield code="a">&#x10E1;&#x10D0;&#x10DB;&#x10D0;&#x10E0;&#x10D7;&#x10D0;&#x10DA;&#x10D8;</subfield>
  </datafield>
  <datafield tag="700" ind1=" " ind2=" ">
    <subfield code="a">&#x10E1;&#x10D4;&#x10EE;&#x10DC;&#x10D8;&#x10D0;&#x10D8;&#x10EB;&#x10D4;, &#x10D7;&#x10D8;&#x10DC;&#x10D0;&#x10D7;&#x10D8;&#x10DC;</subfield>
    <subfield code="e">&#x10D0;&#x10D5;&#x10E2;&#x10DD;&#x10E0;&#x10D8;</subfield>
    <subfield code="9">11929</subfield>
  </datafield>
  <datafield tag="700" ind1=" " ind2=" ">
    <subfield code="a">&#x10D2;&#x10D6;&#x10D8;&#x10E0;&#x10D8;&#x10E8;&#x10D5;&#x10D8;&#x10DA;&#x10D8;, &#x10DA;&#x10D0;&#x10DA;&#x10D8;</subfield>
    <subfield code="e">&#x10E0;&#x10D4;&#x10D3;&#x10D0;&#x10E5;&#x10E2;&#x10DD;&#x10E0;&#x10D8;</subfield>
    <subfield code="9">11930</subfield>
  </datafield>
  <datafield tag="942" ind1=" " ind2=" ">
    <subfield code="c">BK</subfield>
    <subfield code="2">udc</subfield>
  </datafield>
  <datafield tag="952" ind1=" " ind2=" ">
    <subfield code="0">0</subfield>
    <subfield code="1">0</subfield>
    <subfield code="2">udc</subfield>
    <subfield code="4">0</subfield>
    <subfield code="6">347_&#x10E1;44</subfield>
    <subfield code="7">0</subfield>
    <subfield code="9">76507</subfield>
    <subfield code="a">CPL</subfield>
    <subfield code="b">CPL</subfield>
    <subfield code="c">GEN</subfield>
    <subfield code="d">2018-12-17</subfield>
    <subfield code="g">16.90</subfield>
    <subfield code="o">347 &#x10E1;-44</subfield>
    <subfield code="p">54436</subfield>
    <subfield code="r">2018-12-17</subfield>
    <subfield code="t">54436</subfield>
    <subfield code="w">2018-12-17</subfield>
    <subfield code="y">BK</subfield>
    <subfield code="z">16.90 &#x20BE;.</subfield>
  </datafield>
  <datafield tag="952" ind1=" " ind2=" ">
    <subfield code="0">0</subfield>
    <subfield code="1">0</subfield>
    <subfield code="2">udc</subfield>
    <subfield code="4">0</subfield>
    <subfield code="6">347_&#x10E1;44</subfield>
    <subfield code="7">0</subfield>
    <subfield code="9">76508</subfield>
    <subfield code="a">CPL</subfield>
    <subfield code="b">CPL</subfield>
    <subfield code="c">GEN</subfield>
    <subfield code="d">2018-12-17</subfield>
    <subfield code="g">16.90</subfield>
    <subfield code="o">347 &#x10E1;-44</subfield>
    <subfield code="p">54437</subfield>
    <subfield code="r">2018-12-17</subfield>
    <subfield code="t">54437</subfield>
    <subfield code="w">2018-12-17</subfield>
    <subfield code="y">BK</subfield>
    <subfield code="z">16.90 &#x20BE;.</subfield>
  </datafield>
</record>
